United States - Canada Border States - Statistics

General Stats
  • This quiz has been taken 752 times
  • The average score is 10 of 18
Answer Stats
answer % Correct
Washington - British Columbia
89%
Michigan - Ontario
74%
Montana - Alberta
70%
New York - Ontario
64%
Idaho - British Columbia
62%
Vermont - Quebec
60%
New York - Quebec
54%
North Dakota - Manitoba
53%
Maine - Quebec
52%
North Dakota - Saskatchewan
52%
New Hampshire - Quebec
50%
Minnesota - Manitoba
47%
Montana - Saskatchewan
45%
Alaska - Yukon
44%
Maine - New Brunswick
43%
Montana - British Columbia
41%
Minnesota - Ontario
38%
Alaska - British Columbia
32%
No matching quizzes found
Score Distribution
Percent of People with Each Score
Percentile by Number Answered
Your Score History
You have not taken this quiz